| 000 | 00563nam a2200169 i 4500 | ||
|---|---|---|---|
| 001 | 100994 | ||
| 003 | ES-MaACL | ||
| 005 | 20240511063029.0 | ||
| 007 | t| | ||
| 008 | 051010s1914 sp ||||1| spa d | ||
| 100 | 1 |
_aMaura y Montaner, Antonio, _d1853-1925 _979224 |
|
| 245 | 1 | 0 |
_aDiscursos pronunciados en el Congreso de los Diputados los días 5 y 18 de junio de 1914 / _cAntonio Maura y Montaner. |
| 260 |
_aMadrid : _b[s.n.], _c1914 ( _fImp. F. Moliner) |
||
| 300 |
_a32 p. ; _c20 cm. |
||
| 852 |
_aES-MaACL _jT-1427-F-7 |
||
| 999 |
_c100994 _d100994 |
||